00855nam a2200169 a 450000100100000000500170001000800410002704000250006808200150009310000270010824500610013526000650019630000290026195201860029095201920047699900170066800003499420200930074032.0111024s1938 xxub 000 0 spa d aDO-SdBNPbspacBNPHU axxxbB366c1 aBeals, Carleton96060310aThe coming struggle for Latin America /cCarleton Beals. aPhiladelphia ;aNew York :bJ. B. Lippincott Company,c1938. a401 p. :bmap. ;c21 cm. 001050718RVaGRbGRcHDd2011-10-24iLF1l0oxxx B366cp34994-10r2020-06-25w2020-06-25y1zPerteneció a la biblioteca personal de Juan Isidro Jimenes- GrullónZNo se presta 001150718RVaGRbGRcMId2011-10-24iLF1l0oxxx B366cp34994-20r2020-06-25te. 2w2020-06-25y1zPerteneció a la biblioteca personal de Juan Isidro Jimenes- GrullónZNo se presta c34485d34485